| 000 | 00890nam a2200277 a 4500 | ||
|---|---|---|---|
| 001 | 24385 | ||
| 003 | CO-ViMGA | ||
| 008 | 141112s2004 ck r 000 u spa d | ||
| 020 | _a9789589780947 | ||
| 040 |
_aCO-ViMGA _bspa _cCO-ViMGA |
||
| 041 | _aSPA | ||
| 090 | _aA RAM3 | ||
| 100 | 1 |
_aRamos, Mario, 1958 - _935857 |
|
| 245 | 1 | 0 |
_aMamá! / _ctexto e ilustración Mario Ramos ; traducción Julia Vinent. |
| 260 |
_aBarcelona : _bCorimbo, _c2004 |
||
| 300 | _a26 p. : il. col. | ||
| 650 | 1 | 4 |
_aANIMALES - LIBROS DE IMAGENES _935858 |
| 650 | 1 | 4 |
_aAUTORES FRANCESES _91076 |
| 650 | 1 | 4 |
_aIMAGINACION - LIBROS DE IMAGENES _935859 |
| 650 | 1 | 4 |
_aLEER ES MI CUENTO - COLECCION 2011 _935860 |
| 650 | 1 | 4 |
_aMIEDO - LIBROS DE IMAGENES _935861 |
| 650 | 1 | 4 |
_aNUMEROS - LIBROS DE IMAGENES _935862 |
| 700 | 1 |
_aRamos, Mario, 1958 - _935857 |
|
| 700 | 1 |
_aVinent, Julia _935863 |
|
| 942 |
_2ddc _cBK |
||
| 999 |
_c2282 _d2282 |
||